000 00482nam a2200181 4500
001 4974
005 20181127174525.0
020 0 0 _a8175810890
090 0 0 _a822.3 J81a 2010
100 0 0 _aJonson, Ben.
245 0 0 _aThe alchemist /
_b
_cBen Jonson.
_h
260 0 0 _aNew Delhi :
_bRama Brothers India Pvt. Ltd.
_c2010.
300 0 0 _ax, 515 p. : 15 cm.
650 _aEnglish drama.
_v
_x
_y
_z
_2
650 0 0 _aAlchemists.
_x
650 0 0 _aCity and town life.
_x
650 0 0 _aEngland --London.
_x
999 _c4147
_d4147